000 00552nam a2200193Ia 4500
008 240510s9999 xx 000 0 und d
020 _a0003540641408
041 _aEng
082 _a004.6
082 _bP15
100 _aPanda, D.K.: Stunkel, C.B.:
245 0 _aNetwork-Based Parallel Computing : communiction, architecture, and Appllictions : Lecture Notes in Computer Science : Proceedings
260 _bSpringer: Tokyo
260 _c1998
300 _a246 p.
650 _aParallel Computing : Network
942 _2ddc
942 _cRBK
999 _c27609
_d27609
945 _a1
_bMadushi Gamage
_c1
_dMadushi Gamage